000 00750nam a2200253Ia 4500
003 OSt
005 20221005083224.0
006 a|||||r|||| 00| 0
007 ta
008 221004b |||||||| |||| 00| 0 eng d
024 _a23375
037 _cTextual
040 _aCRL
_cCRL
_beng
041 _2eng
_aeng
082 _aT4:8.2'N69t, L1
110 _aUNIVERSITY GRANTS COMMISSION
_991664
245 0 _aCommittee on Governance of Universities and colleges
_b Governance of University
260 _aNew Delhi
_bUniversity Grants Commission India
_c1971
300 _a96p.
_ccm.
650 _aEDUCATION
700 _aUNIVERSITY GRANTS COMMISSION
_991665
942 _hT4:8.2'N69t, L1
_cTEXL
_2cc
999 _c990507
_d990507